000 01316nam1a22002771i 4500
001 v19\rc\1610378
005 20260406235828.0
035 _a(NLR Aleph) 004730892
090 _a4443772
_c4443772
100 _a20061002g18971916|||y0rusy50 ca
101 0 _arus
102 _aRU
105 _ay j |||||
200 1 _aОтчет о состоянии Сберегательно-вспомогательной кассы служащих в учебных заведениях Дирекции народных училищ Донской области...
210 _aНовочеркасск
_d[1897]-[1916]
215 _d23
300 _aЗагл. отчетов за 1896, 1898, 1901, 1902 гг. незнач. изменено
309 _aОтчеты за 1896, 1898-1902 гг. без тит. л. и обл.
710 0 1 _aОбласть Войска Донского
_bДирекция народных училищ
_bСберегательная касса служащих в учебных заведениях
_9474994
_3RU\NLR\AUTH\889989749
801 0 _aRU
_bNLR
_gpsbo
801 0 _aRU
_bRuMoRGB
_2psbo
801 1 _aRU
_bProSoft-M
_2rusmarc
852 _aNLR (1896/1897-1915*)
_jШифры разные
899 _aRuMoRGB (1896/1897-1912*)
899 _aБАН (1896/1897-1901, 1904-1912)
942 _cBOOK